000 00292nam a22001337a 4500
008 170523b xxu||||| |||| 00| 0 eng d
020 _a9780785804307
041 _aeng
080 _a94
100 _a16
101 _aSHH
245 _aWEAPONS OF THE CIVIL WAR
_cHOGG, I.V
942 _2udc
_cBK
999 _c13838
_d13838